00598nam a2200193 a 4500001001000000003000900010005001700019007000300036008004100039020001800080040002500098082000700123100002000130245009400150260003900244300002100283500007000304504003000374000048810DO-SdBNP20230301075909.0ta190411s2016 dr 000 0 spa d a9789945600469 aDO-SdBNPbspacBNPHU 42221 aCastillo, Waldo10aEmprende ahora :bel mundo está delante de ti, !sal a conquistarlo¡ /cWaldo Castillo. aSanto Domingo :bSantuario,c2016. a82 p. ; c23 cm. aIncluye datos biografícos del autor en la solapa de la cubierta aBibliografía : p. 81-82